[Event "Ordix Open"]
[Site "Frankfurt GER"]
[Date "2000.06.17"]
[Round "4"]
[White "Gutman,L"]
[Black "Khenkin,I"]
[Result "1/2-1/2"]
[WhiteElo "2488"]
[BlackElo "2622"]

1.Nf3 d5 2.g3 c6 3.Bg2 Bg4 4.O-O Nd7 5.b3 e5 6.d3 Ngf6 7.Bb2 Qc7 8.Qe1 Bc5
9.e4 dxe4 10.dxe4 O-O 11.a4 a5 12.Na3 Rfe8 13.Nc4 b6 14.h3 Bh5 15.Nh4 Nf8
16.Nf5 N6d7 17.Ba3 Bxa3 18.Nxa3 Nc5 19.Nc4 f6 20.b4 Nb7 21.Qe3 axb4 22.Nxb6 Ra6
23.Nc4 Bf7 24.Nb2 c5 25.Qe2 c4 26.Ne3 Nd6 27.c3 bxc3 28.Nbd1 Ne6 29.Nxc3 Nd4
30.Qa2 Qa5 31.Ncd5 Nb3 32.Nxc4 Nxc4 33.Qxb3 Nd2 34.Qb5 Nxf1 35.Bxf1 Ra7 36.Ra3 f5
37.Qxa5 Rxa5 38.Bb5 Rb8 39.Rc3 fxe4 40.Ne7+ Kf8 41.Nf5 Be8 42.Bxe8 Rxe8 43.Rc4 g6
44.Ne3 Rd8 45.Rc7 h5 46.Nc4 Rd1+ 47.Kg2 Rc1 48.Rc8+ Ke7 49.Rc7+ Kd8 50.Rc6 Rxa4
51.Nxe5 Rxc6 52.Nxc6+ Ke8 53.Ne5 Ra6 54.h4 Ke7 55.g4 Kf6 56.Nd7+ Ke7 57.Ne5 Re6
58.Nc4 hxg4 59.Kg3 Rc6  1/2-1/2

[Event "IHEM"]
[Site "Hamburg GER"]
[Date "2000.06.17"]
[Round "8"]
[White "Mueller,Ka"]
[Black "Hector,J"]
[Result "0-1"]
[WhiteElo "2527"]
[BlackElo "2515"]

1.Nf3 d5 2.g3 Bg4 3.Bg2 Nd7 4.d3 e5 5.O-O c6 6.e4 dxe4 7.dxe4 Bc5 8.Nbd2 Qc7
9.h3 Bh5 10.a4 Ngf6 11.Qe1 O-O 12.Nh4 Rfe8 13.Nb3 Bf8 14.Bg5 Re6 15.g4 Bg6
16.Nf5 h5 17.Bf3 hxg4 18.hxg4 Nh7 19.Be3 c5 20.Nc1 Rb6 21.Ra2 Bxf5 22.gxf5 Be7
23.Kg2 Bg5 24.Rh1 Ndf6 25.Nd3 Rd8 26.Nxc5 Rc6 27.b4 b6 28.Nd3 Rxc2 29.Rxc2 Qxc2
30.Nxe5 Re8 31.Bd4 Bf4 32.Bd1 Qa2 33.Qc3 Bxe5 34.Bxe5 Nxe4 35.Qb2 Qd5 36.Bxg7 Neg5+
37.f3 Qxf5 38.Bh6 Nf6 39.Qd2 Nfh7 40.Qd4 Qg6 41.Kf2 Ne6 42.Qc3 Qf6 43.Rg1+ Kh8
44.Qxf6+ Nxf6 45.Bc2 Nd5 46.b5 Rc8 47.Bf5 Rc4 48.Bc1 Rxa4 49.Bb2+ Nd4 50.Rd1 Ra2
51.Rxd4 Rxb2+ 52.Kg3 Rxb5 53.Bd3 Rc5 54.Bc4 Ne3 55.Rd8+ Kg7 56.Bb3 Rb5 57.Rd3 Nf5+
58.Kg4 Kf6 59.f4 Rb4 60.Rc3 Nd4 61.Ba2 Ne6 62.Kg3 Ra4 63.Bc4 Nxf4  0-1

[Event "ch-IND Women"]
[Site "Mumbai IND"]
[Date "2000.06.20"]
[Round "13"]
[White "Vijayalakshimi,S"]
[Black "Meenakshi,S"]
[Result "0-1"]
[WhiteElo "2383"]
[BlackElo "2195"]

1.Nf3 d5 2.g3 Nf6 3.Bg2 c6 4.O-O Bf5 5.b3 e6 6.Bb2 Nbd7 7.d4 Bd6 8.Nbd2 Qc7
9.c4 h5 10.c5 Be7 11.b4 Ne4 12.Nxe4 Bxe4 13.Ne1 Bxg2 14.Nxg2 h4 15.Qd3 hxg3
16.hxg3 O-O-O 17.b5 Rh6 18.bxc6 Qxc6 19.a4 Rdh8 20.f3 Qc7 21.Kf2 g5 22.Rg1 Rh2
23.c6 bxc6 24.Qa6+ Qb7 25.Qxb7+ Kxb7 26.Rgb1 Kc7 27.Bc3 Rb8 28.Ba5+ Nb6 29.Rb3 Rhh8
30.Rab1 Rb7 31.Ne1 Rhb8 32.Nd3 Kc8 33.Bxb6 Rxb6 34.Rxb6 Rxb6 35.Rxb6 axb6
36.Ne5 Bf6 37.Nxf7 Bxd4+ 38.Kg2 Bf6 39.Kh3 Kc7 40.Kg4 b5 41.axb5 cxb5 42.f4 gxf4
43.Kxf4 b4 44.Ke3 Kd7 45.g4 Ke7 46.g5 Kxf7 47.gxf6 Kxf6  0-1

[Event "53rd ch-RUS"]
[Site "Samara RUS"]
[Date "2000.06.20"]
[Round "4"]
[White "Loginov,Va"]
[Black "Sidorov,A"]
[Result "1-0"]
[WhiteElo "2512"]
[BlackElo "2339"]

1.Nf3 d5 2.g3 c6 3.Bg2 Bf5 4.c4 e6 5.cxd5 exd5 6.O-O Nf6 7.d3 Bc5 8.Qc2 Be7
9.Nc3 Qc8 10.e4 dxe4 11.dxe4 Bg6 12.Nh4 Nfd7 13.Nxg6 hxg6 14.Re1 Na6 15.e5 Ndc5
16.Ne4 Nxe4 17.Rxe4 Qe6 18.Bd2 O-O 19.h4 Rfd8 20.Ba5 Rd5 21.Bc3 Rdd8 22.Kh2 g5
23.hxg5 Bxg5 24.Bh3 Qg6 25.e6 Nc5 26.exf7+ Kxf7 27.Bf5 Qh6+ 28.Kg2 Nxe4 29.Qxe4 Qd6
30.Rd1 Qe7 31.Qc4+ Rd5 32.Rxd5 cxd5 33.Qxd5+ Kf8 34.Bh7  1-0

[Event "53rd ch-RUS"]
[Site "Samara RUS"]
[Date "2000.06.22"]
[Round "6"]
[White "Loginov,Va"]
[Black "Bezgodov,A"]
[Result "1/2-1/2"]
[WhiteElo "2512"]
[BlackElo "2576"]

1.Nf3 d5 2.g3 c5 3.Bg2 Nc6 4.d4 e6 5.O-O Nf6 6.c4 Be7 7.cxd5 exd5 8.Nc3 O-O
9.Bg5 cxd4 10.Nxd4 h6 11.Be3 Re8 12.Qc2 Bg4 13.h3 Bd7 14.Rad1 Bd6 15.Nxd5 Nxd5
16.Bxd5 Nb4 17.Bxf7+ Kxf7 18.Qb3+ Kg6 19.a3 Qe7 20.axb4 Bxh3 21.Nb5 Rad8
22.Nxd6 Rxd6 23.Rxd6+ Qxd6 24.Rd1 Qe6 25.Qxe6+ Rxe6 26.Rd2 Bg4 27.Kf1 Re4
28.Bxa7 Rxb4 29.f3 Be6 30.Kf2 Rc4 31.Bb6 Kf7 32.e4 h5 33.Ke3 Rc1 34.Kf4 Rc6
35.Be3 Ke8 36.Rh2 Bf7 37.Bd4 g6 38.Be5 Be6 39.Rd2 Kf7 40.Bc3 Rc5 41.Rd8 Rc8
42.Rd1 Rc5 43.Ra1 Bd7 44.Ra8 Be8 45.Rb8 Rb5 46.Rc8 Ke7 47.Bd4 Kd7 48.Rc1 Ke6
49.Rc2 Bc6 50.Rd2 Bd7 51.Bc3 Ke7 52.e5 Rb6 53.Kg5 Bf5 54.Rd4 Rc6 55.Rb4 Bc8
56.Rf4 Bf5 57.Rxf5 gxf5 58.Kxf5 Kf7 59.f4 b5 60.Kg5 Rg6+ 61.Kxh5 Rxg3 62.f5 Rg2
63.b4 Re2 64.Kg5 Re4 65.e6+ Ke7 66.Bf6+ Ke8 67.Bc3 Ke7 68.Bf6+ Ke8 69.Bc3  1/2-1/2

[Event "53rd ch-RUS"]
[Site "Samara RUS"]
[Date "2000.06.22"]
[Round "6"]
[White "Sidorov,A"]
[Black "Sherbakov,R"]
[Result "0-1"]
[WhiteElo "2339"]
[BlackElo "2552"]

1.Nf3 d5 2.g3 Bg4 3.Bg2 Nd7 4.c4 e6 5.cxd5 exd5 6.Nc3 c6 7.O-O Bd6 8.d3 Ne7
9.Qc2 O-O 10.Re1 Nc5 11.e4 Ne6 12.Ne2 Bc7 13.Bd2 Ng6 14.Bc3 Bb6 15.h3 Bxf3
16.Bxf3 Ng5 17.Bg2 Qd7 18.Kh2 dxe4 19.Ng1 exd3 20.Qd2 Ne6 21.h4 Bc7 22.Nf3 Nef4
23.Bf1 Qf5 24.Re3 Rad8 25.Rd1 Nd5 26.Rxd3 Ngf4 27.Rd4 Ne6 28.Rd3 Nc5 29.Nd4 Qh5
30.Rf3 Ne4 31.Qc2 Ng5 32.Rf5 Qxh4+ 33.Kg1 Nh3+ 34.Kg2 Ne3+  0-1

[Event "It"]
[Site "Valjevo YUG"]
[Date "2000.06.22"]
[Round "6"]
[White "Brenjo,S"]
[Black "Andonov,B"]
[Result "1-0"]
[WhiteElo "2492"]
[BlackElo "2418"]

1.Nf3 d5 2.g3 Nf6 3.Bg2 g6 4.c4 c6 5.b3 Bg7 6.Bb2 O-O 7.O-O a5 8.d3 Na6 9.Nbd2 b6
10.Rc1 Bb7 11.cxd5 cxd5 12.Ne5 Nc5 13.Ndf3 Ng4 14.Rc2 Nxe5 15.Nxe5 f6 16.Nf3 Na6
17.Ba3 Qd7 18.Qd2 Rfc8 19.Rxc8+ Rxc8 20.Qe3 b5 21.Qxe7 Qxe7 22.Bxe7 f5 23.d4 Re8
24.Bd6 Rxe2 25.Ra1 Re6 26.Be5 Bh6 27.Bf1 Rb6 28.Ne1 Nb4 29.Bc7 Re6 30.Bxa5 Bd2
31.Bxb4 Bxb4 32.Nd3 Bc3 33.Rd1 b4 34.Rc1 Rc6 35.Bg2 Rc8 36.Nf4 Rd8 37.Ne2 Bb2
38.Rc2 Ba3 39.Nf4 g5 40.Nd3 Rc8 41.Rxc8+ Bxc8 42.Bxd5+ Kg7 43.f3 f4 44.gxf4 gxf4
45.Kf2 Kf6 46.Be4 Kg5 47.Bxh7 Ba6 48.Nc5 Bc8 49.Ke2 Bb2 50.Kd3 Bh3 51.Kc4 Kf6
52.Bd3 Bc8 53.h4 Ba1 54.d5 Ke5 55.Be4  1-0

[Event "zt 1.4"]
[Site "Budapest HUN"]
[Date "2000.06.23"]
[Round "7"]
[White "Badea,B"]
[Black "Radulski,J"]
[Result "1/2-1/2"]
[WhiteElo "2486"]
[BlackElo "2421"]

1.Nf3 d5 2.g3 Nf6 3.Bg2 Nbd7 4.c4 c6 5.cxd5 cxd5 6.d4 e6 7.O-O Bd6 8.Nc3 O-O
9.Nd2 Be7 10.Re1 Nb6 11.e4 dxe4 12.Ndxe4 Nfd5 13.a4 Bb4 14.Bg5 Be7 15.Bxe7 Nxe7
16.a5 Nbd5 17.Qb3 Rb8 18.Nc5 b6 19.Nxd5 Nxd5 20.axb6 Rxb6 21.Qc2 a6 22.Red1 Qd6
23.b3 Bd7 24.Ne4  1/2-1/2

[Event "11th Open"]
[Site "Ljubljana SLO"]
[Date "2000.06.23"]
[Round "7"]
[White "Kukovec,B"]
[Black "Kovacevic,B"]
[Result "0-1"]
[WhiteElo "2111"]
[BlackElo "2438"]

1.Nf3 d5 2.g3 Nc6 3.d4 Bf5 4.Bg2 Nb4 5.Na3 e6 6.Bf4 a6 7.c3 Nc6 8.Nb1 f6
9.Nh4 Bxb1 10.Qxb1 g5 11.Ng6 hxg6 12.Qxg6+ Kd7 13.Bd2 Qe8 14.Qc2 Rd8 15.e4 Kc8
16.O-O-O Qg6 17.b4 g4 18.Qa4 dxe4 19.Bf1 Nge7 20.b5 axb5 21.Bxb5 Rh5 22.c4 Kb8
23.Be3 Bh6 24.Rhe1 Rxd4 25.Rxd4 Nxd4 26.Be8 Qf5 27.Bxh5 Qxh5 28.Rd1 Nec6
29.Kb1 e5 30.Qb3 Bg7 31.Qa4 Bf8 32.Rd2 Bc5 33.a3 Qf7 34.Rb2 b6 35.Qa6 Qd7
36.Qa4 Kb7 37.Qd1 Na5 38.Qf1 Qa4 39.Bxd4  0-1

[Event "11th Open"]
[Site "Ljubljana SLO"]
[Date "2000.06.23"]
[Round "7"]
[White "Vukovic,I"]
[Black "Kozamernik,J"]
[Result "1/2-1/2"]
[WhiteElo "2274"]
[BlackElo "2136"]

1.Nf3 d5 2.g3 Bg4 3.Bg2 c6 4.b3 Nd7 5.Bb2 Ngf6 6.O-O e6 7.c4 Bd6 8.d4 Qb8
9.Nbd2 O-O 10.Re1 a5 11.a3 h6 12.e4 dxe4 13.Nxe4 Be7 14.Nc3 Re8 15.Qc2 Qc7
16.Rac1 Nb6 17.Ne5 Bf5 18.Qe2 Rad8 19.Rcd1 Nfd7 20.c5 Nd5 21.Nxd5 exd5 22.Qh5 Be6
23.Nd3 Nf6 24.Qe2 Bf5  1/2-1/2

[Event "XVIII Open"]
[Site "Andorra AND"]
[Date "2000.06.24"]
[Round "1"]
[White "Marin,L"]
[Black "Jirovsky,M"]
[Result "0-1"]
[WhiteElo "2187"]
[BlackElo "2474"]

1.Nf3 d5 2.g3 c6 3.Bg2 Bg4 4.d3 Nd7 5.Nbd2 e5 6.O-O Ngf6 7.e4 dxe4 8.dxe4 Bc5
9.h3 Bh5 10.a4 O-O 11.Qe2 Qc7 12.Rd1 Rfd8 13.Nf1 Ne8 14.g4 Bg6 15.h4 Ndf6
16.N3d2 h5 17.Nb3 Rxd1 18.Qxd1 Be7 19.g5 Nxe4 20.Qe2 N4d6 21.Qxe5 Nf5 22.Qxc7 Nxc7
23.Bf4 Ne6 24.Bg3 Nxg3 25.Nxg3 Bxc2 26.Na5 Nf4 27.Bf3 Rb8 28.Nxh5 Ng6 29.Rc1 Bxa4
30.Rc4 Bb5 31.Re4 b6 32.Nb3 c5 33.Nd2 Rd8 34.Nf4 Nxf4 35.Rxf4 Rxd2  0-1

[Event "zt 1.4"]
[Site "Budapest HUN"]
[Date "2000.06.24"]
[Round "8"]
[White "Markowski,T"]
[Black "Bratanov,Z"]
[Result "1/2-1/2"]
[WhiteElo "2531"]
[BlackElo "2332"]

1.g3 d5 2.Nf3 Nf6 3.Bg2 Nbd7 4.d4 e6 5.O-O Be7 6.c4 O-O 7.Qc2 c6 8.b3 b6
9.Bb2 Ba6 10.Nbd2 Rc8 11.Rac1 c5 12.Qb1 Bb7 13.Rfd1 Rc7 14.cxd5 exd5 15.Nf1 Re8
16.Ne3 Bf8 17.Qd3 Qa8 18.Ne5 Ne4 19.Nxd7 Rxd7 20.dxc5 Nxc5 21.Qf5 Red8 22.Qg4 Ne6
23.Nf5 g6 24.Nd4 Nc5 25.Nc2 Ne6 26.Nd4 Nc5 27.Nb5 Ne6 28.e3 d4 29.Bxb7 Qxb7
30.Nxd4 h5 31.Qe2 Ng5 32.h4 Ne4 33.Nf3 Rd5 34.Rd4 Bg7 35.Rxd5 Qxd5 36.Bxg7 Kxg7
37.Rc4 Nd2 38.Nxd2 Qxd2 39.Kf1 Qd5 40.e4 Qe5 41.Kg2 b5 42.Rc1 Rd4 43.Re1 Kh7
44.Qc2 Qd6 45.Re2 b4 46.Kh2 Qe5 47.Qc6 a5 48.Kg2 Rd1 49.Qc4 Kg7 50.Qc2 Rd4
51.Re1 Qd6 52.Qb2 Kh7 53.Qe2 Qe5 54.Qe3 Kg7 55.Re2 Rd1 56.Qg5 Qa1 57.e5 Rg1+
58.Kf3 Qc3+ 59.Qe3 Qc6+ 60.Qe4 Qc3+ 61.Re3 Qa1 62.e6 Qf6+ 63.Qf4 fxe6 64.Re5 Qd8
65.Rxe6 Qd5+ 66.Qe4 Qd1+ 67.Qe2 Qd5+ 68.Re4 Qf5+ 69.Rf4 Qd5+  1/2-1/2

[Event "zt 1.4"]
[Site "Budapest HUN"]
[Date "2000.06.24"]
[Round "8"]
[White "Vajda,L"]
[Black "Acs,P"]
[Result "0-1"]
[WhiteElo "2459"]
[BlackElo "2542"]

1.Nf3 d5 2.g3 Nf6 3.Bg2 c6 4.O-O Bg4 5.d3 Nbd7 6.Nbd2 e6 7.e4 Be7 8.Qe2 O-O
9.h3 Bxf3 10.Bxf3 Qc7 11.Bg2 dxe4 12.dxe4 e5 13.a4 a5 14.b3 Nc5 15.Bb2 Nfd7
16.Nc4 Ne6 17.Rad1 Bc5 18.Qg4 b5 19.Nd2 Bd4 20.c3 Bc5 21.Kh1 bxa4 22.bxa4 Nb6
23.f4 Nxa4 24.Ba1 Rfd8 25.f5 Nf8 26.f6 g6 27.c4 Nd7 28.Qg5 Bf8 29.Nf3 Nac5
30.Nxe5 Ne6 31.Rxd7 Rxd7 32.Qg4 Rd6 33.c5 Nxc5 34.h4 Re6 35.Nxg6 hxg6 36.h5 Nxe4
37.Bxe4 Rxe4 38.Qxe4 Qxg3 39.hxg6 Qh3+ 40.Kg1 Qg3+ 41.Kh1 Qh3+ 42.Kg1 Rd8
43.gxf7+ Kxf7  0-1

[Event "53rd ch-RUS"]
[Site "Samara RUS"]
[Date "2000.06.24"]
[Round "8"]
[White "Loginov,Va"]
[Black "Galliamova,A"]
[Result "0-1"]
[WhiteElo "2512"]
[BlackElo "2515"]

1.Nf3 d5 2.g3 g6 3.Bg2 Bg7 4.c4 c6 5.Qb3 e5 6.O-O Ne7 7.d3 O-O 8.Nc3 h6 9.Bd2 Na6
10.cxd5 cxd5 11.Rfc1 Nc5 12.Qa3 b6 13.Na4 Ne6 14.Nxb6 Qxb6 15.Qxe7 e4 16.dxe4 dxe4
17.Be3 Qb7 18.Qh4 g5 19.Nxg5 Nxg5 20.Rc5 f5 21.Rac1 Be6 22.b3 Rac8 23.Bxg5 hxg5
24.Qxg5 Rxc5 25.Rxc5 Rc8 26.Rxc8+ Qxc8 27.g4 Qd7 28.gxf5 Bxf5 29.h4 Qd1+
30.Kh2 Qd6+ 31.Kg1 Qf6 32.f4 Qxg5 33.hxg5 Bd4+ 34.Kh2 Be3 35.Kg3 Kf7 36.Bh1 Ke6
37.Bg2 Kd5 38.Bf1 Kd4 39.g6 Bxg6 40.Kg4 Be8 41.Kg5 Bd7 42.Bg2 Bc1 43.Bf1 Ke3
44.Bg2 Bc8 45.b4 Bd7 46.Bh1 Bd2 47.Bg2 Bxb4 48.f5 Bb5  0-1

[Event "Rapid Tournament g/30"]
[Site "Herford GER"]
[Date "2000.06.25"]
[Round "11"]
[White "Haub,TM"]
[Black "Podzielny,KH"]
[Result "0-1"]
[WhiteElo "2375"]
[BlackElo "2506"]

1.Nf3 d5 2.g3 Bg4 3.Bg2 Nd7 4.d3 Ngf6 5.Nbd2 e6 6.O-O Bc5 7.h3 Bh5 8.Qe1 O-O
9.e4 c6 10.Kh1 a5 11.e5 Ne8 12.Nh2 Nc7 13.f4 f6 14.Nb3 Bb6 15.Be3 a4 16.Bxb6 Nxb6
17.Nc5 Qe7 18.Nxb7 Nb5 19.Nd6 Nxd6 20.exd6 Qxd6 21.Qe3 Nd7 22.Rae1 Rae8 23.Qd4 a3
24.b3 c5 25.Qf2 Bg6 26.Nf3 Nb6 27.g4 d4 28.Nd2 Nd5 29.Bxd5 exd5 30.Nb1 f5
31.g5 Bh5 32.Nxa3 Qa6 33.Nb1 Qxa2 34.Qg2 Qa8 35.Qf2 Re3 36.Qg2 Bf3 37.Qxf3 Rxf3
38.Rxf3 Re8  0-1

[Event "53rd ch-RUS"]
[Site "Samara RUS"]
[Date "2000.06.25"]
[Round "9"]
[White "Sidorov,A"]
[Black "Frolov,D"]
[Result "1/2-1/2"]
[WhiteElo "2339"]
[BlackElo "2428"]

1.Nf3 d5 2.g3 Nf6 3.Bg2 Bg4 4.c4 c6 5.Ne5 Bf5 6.cxd5 cxd5 7.Qa4+ Nbd7 8.Nc3 e6
9.g4 Bg6 10.h4 Bd6 11.Nxd7 Qxd7 12.Qxd7+ Kxd7 13.h5 Bc2 14.g5 Ne4 15.Bxe4 Bxe4
16.Nxe4 dxe4 17.Rh4 Be7 18.Rxe4 Bxg5 19.Rb4 b6 20.d3 Bf6 21.Be3 Rhc8 22.Kd1 Rc6
23.a4 Bd8 24.Rg4 g6 25.hxg6 fxg6 26.Bd4 Bc7 27.Kd2 e5 28.Bc3 Rf8 29.Rg2 Rff6
30.Rh1 h5 31.e3 Rfe6 32.Rh4 Ke8 33.Ke2 Kf7 34.Re4 Re8 35.Rg1 a6 36.Rg5 Rce6
37.Rg1 Bd8 38.Rc4 g5 39.Rh1 Kg6 40.Rg1 Bf6 41.e4 Rd6 42.Bd2 Red8 43.Rc3 R8d7
44.Be3 h4 45.b4 b5 46.axb5 axb5 47.Bxg5 Bxg5 48.f4 exf4 49.Rc5 Rxd3 50.Rgxg5+  1/2-1/2

[Event "53rd ch-RUS"]
[Site "Samara RUS"]
[Date "2000.06.25"]
[Round "9"]
[White "Burmakin,V"]
[Black "Tolstikh,N"]
[Result "1/2-1/2"]
[WhiteElo "2567"]
[BlackElo "2419"]

1.Nf3 d5 2.g3 g6 3.Bg2 Bg7 4.d4 Nf6 5.O-O c6 6.b3 O-O 7.Bb2 a5 8.c4 a4 9.Qc1 axb3
10.axb3 Rxa1 11.Bxa1 Qb6 12.Qa3 Qa6 13.Nfd2 Qxa3 14.Nxa3 Na6 15.Bc3 Bf5 16.Ra1 Ra8
17.Nab1 Nc7 18.Rxa8+ Nxa8 19.f3 Bxb1 20.Nxb1 Nd7 21.cxd5 cxd5 22.e4 Nc7 23.e5 Nb8
24.f4 Nc6 25.Kf2 e6 26.Bf1 Bf8 27.g4 Bb4 28.Bxb4 Nxb4 29.Ke3 Nc6 30.Bd3 b5
31.Nd2 b4 32.f5 g5 33.Nf3 h6 34.f6 Na5 35.Bc2 Nb5 36.Bd3 Nc3 37.Bc2 Nb5 38.Ne1 Nc6
39.Nf3 Na5 40.Kd2 Nc6 41.Kd3 Kh8 42.Ke3 Na5 43.Bd3 Nc7 44.Ne1 Nxb3 45.Nc2 Nc1
46.Nxb4 Nxd3 47.Kxd3 Kg8 48.Na2 Nb5 49.Nc3 Na3 50.Ne2 Nc4 51.Ng3 Nb2+ 52.Kc2 Nc4
53.Nf1 Na3+ 54.Kd3 Nb5 55.Nd2 Kf8 56.Nf3 Ke8 57.Ke2 Kd7 58.Kd2 Ke8 59.Kd3 Kf8
60.h4 gxh4 61.Nxh4 Kg8 62.Nf3 Kh7 63.Nh4 Kg8 64.Ng2 Kh7 65.Nf4 Kg8 66.Nh3 Kh7
67.g5 hxg5 68.Nxg5+ Kg6 69.Nf3 Nc7 70.Nd2 Nb5  1/2-1/2

[Event "XVIII Open"]
[Site "Andorra AND"]
[Date "2000.06.26"]
[Round "3"]
[White "Stefanova,A"]
[Black "Garcia,Rau"]
[Result "1-0"]
[WhiteElo "2495"]
[BlackElo "2326"]

1.Nf3 d5 2.g3 Nf6 3.Bg2 c6 4.O-O Bg4 5.d3 Nbd7 6.h3 Bxf3 7.Bxf3 e5 8.e4 dxe4
9.dxe4 Nc5 10.Qe2 Ne6 11.c3 Bc5 12.Nd2 Qc7 13.Bg2 O-O 14.a4 a5 15.Nc4 Rfd8
16.Kh1 b5 17.Ne3 Bxe3 18.Bxe3 b4 19.f4 Nd7 20.f5 Nef8 21.cxb4 axb4 22.b3 Nb8
23.f6 g6 24.Bc5 Ne6 25.Bxb4 c5 26.Ba3 Nc6 27.Rac1 Ncd4 28.Qe3 Qd6 29.h4 Rab8
30.Rc3 Rdc8 31.Bh3 Rc7 32.Rd3 Qf8 33.Rc1 Rb6 34.Rdc3 Rbc6 35.Bxe6 Nxe6 36.b4 Qd8
37.b5 Rb6 38.Bxc5 Nxc5 39.Rxc5 Rxc5 40.Qxc5 Qxf6 41.Kg2 Rd6 42.Qc2 Kg7 43.Rd1 Rd4
44.Rxd4 exd4 45.Qd3 Qb6 46.Kf3 f6 47.Ke2 h5 48.Qb3 f5 49.exf5 gxf5 50.Qd5  1-0

[Event "53rd ch-RUS"]
[Site "Samara RUS"]
[Date "2000.06.26"]
[Round "10"]
[White "Tolstikh,N"]
[Black "Yakovich,Y"]
[Result "0-1"]
[WhiteElo "2419"]
[BlackElo "2580"]

1.Nf3 d5 2.g3 c6 3.Bg2 Bg4 4.O-O Nd7 5.d4 e6 6.Nbd2 f5 7.c4 Bd6 8.Qb3 Rb8
9.Re1 Nh6 10.Qe3 Qf6 11.h3 f4 12.gxf4 Bxf4 13.Ne4 dxe4 14.Qxf4 exf3 15.hxg4 fxg2
16.g5 Qxf4 17.Bxf4 Nf5 18.Bxb8 Nxb8 19.Red1 Nh4 20.d5 h6 21.gxh6 Rxh6 22.dxe6 Ke7
23.Rac1 Rxe6 24.Rd2 Nd7 25.Rcd1 Ne5 26.Rd4 g5 27.b3 Neg6 28.Rd7+ Kf6  0-1

[Event "White Nights Open"]
[Site "St Petersburg RUS"]
[Date "2000.06.26"]
[Round "4"]
[White "Karasev,V"]
[Black "Aleksandrov,D"]
[Result "1-0"]
[WhiteElo "2347"]
[BlackElo "2254"]

1.Nf3 d5 2.g3 g6 3.Bg2 Bg7 4.O-O e5 5.d3 Ne7 6.c4 c6 7.cxd5 cxd5 8.Nc3 O-O
9.Bg5 f6 10.Bd2 Be6 11.Qa4 Nd7 12.Qb4 Nb6 13.Nb5 Nc6 14.Qd6 Qxd6 15.Nxd6 Rab8
16.Rfc1 Bd7 17.a4 a6 18.Be3 d4 19.Bd2 Nc8 20.Ne4 b6 21.b4 f5 22.Neg5 h6 23.Ne6 Bxe6
24.Rxc6 Bd5 25.Rxg6 Kh7 26.Nh4 e4 27.Rc1 Ne7 28.Rd6 Rbc8 29.Rxc8 Rxc8 30.Nxf5 Nxf5
31.Rxd5 e3 32.fxe3 dxe3 33.Be1 Rc1 34.Rxf5 Rxe1+ 35.Bf1 Ra1 36.a5 bxa5 37.Rxa5 Rxa5
38.bxa5 Bc3 39.Bg2 Bxa5 40.Bb7 Bb6 41.Bxa6 Kg6 42.Kg2 Kf5 43.Kf3 Bc5 44.Bc8+ Ke5
45.Kg4 Bf8 46.Kh5 Kd4 47.Bb7 Kc3 48.Bf3 Kd2 49.Kg6 Ke1 50.Kf7 Bd6 51.Kg7 Kf2
52.Kxh6 Kg1 53.h4  1-0

[Event "XVIII Open"]
[Site "Andorra AND"]
[Date "2000.06.27"]
[Round "4"]
[White "Jansa,V"]
[Black "Jose Queralto,D"]
[Result "1-0"]
[WhiteElo "2458"]
[BlackElo "2185"]

1.Nf3 d5 2.g3 Nf6 3.Bg2 e6 4.O-O c6 5.d3 Nbd7 6.Nbd2 Bd6 7.e4 Bc7 8.Re1 dxe4
9.dxe4 e5 10.Nc4 Qe7 11.b3 b5 12.Ba3 b4 13.Bb2 Bb7 14.a3 c5 15.axb4 cxb4
16.Na5 Nc5 17.Nxb7 Nxb7 18.Qe2 Qc5 19.Qa6 Nd8 20.Qa4+ Nd7 21.Red1 Qc6 22.Qxb4 a5
23.Qd2 f6 24.Nh4 Nb6 25.Nf5 g6 26.Ne3 a4 27.Nd5 Kf7 28.Qb4 Re8 29.Bf1 Rb8
30.Bb5 Nxd5 31.Rxd5  1-0

[Event "It Ingres"]
[Site "Montauban FRA"]
[Date "2000.06.28"]
[Round "7"]
[White "Boyd,S"]
[Black "Flear,G"]
[Result "1/2-1/2"]
[WhiteElo "2384"]
[BlackElo "2519"]

1.Nf3 d5 2.g3 Nc6 3.Bg2 e5 4.d3 f6 5.O-O Be6 6.e4 dxe4 7.dxe4 Qxd1 8.Rxd1 Bc5
9.Nc3 a6 10.Nd5 O-O-O 11.Be3 Bxe3 12.Nxe3 Nge7 13.Bf1 Rxd1 14.Rxd1 Rd8 15.Rxd8+ Kxd8
16.a3 Nd4 17.Nd2  1/2-1/2

[Event "White Nights Women"]
[Site "St Petersburg RUS"]
[Date "2000.06.29"]
[Round "6"]
[White "Zimina,O"]
[Black "Ovod,E"]
[Result "0-1"]
[WhiteElo "2163"]
[BlackElo "2318"]

1.Nf3 d5 2.g3 Nf6 3.Bg2 Bg4 4.O-O c6 5.d3 Nbd7 6.Nbd2 e5 7.h3 Bh5 8.e4 dxe4
9.dxe4 Qc7 10.Qe2 Bc5 11.b3 O-O 12.Bb2 b5 13.a4 a6 14.Bc3 Rfd8 15.Rfe1 Ne8
16.Nf1 f6 17.Ne3 Nf8 18.Ng4 Bxg4 19.hxg4 g5 20.Bf1 Ne6 21.Red1 N8g7 22.Qe1 Bb6
23.Kg2 Rxd1 24.Rxd1 Rd8 25.Bb2 Rxd1 26.Qxd1 Nc5 27.Qe1 Qd7 28.c4 Qxg4 29.cxb5 cxb5
30.axb5 axb5 31.Bxb5 Qxe4 32.Bc4+ Kh8 33.Qb4 Nd7 34.Qe1 Qc6 35.g4 Ne6 36.Kg3 Bc7
37.Bxe6 Qxe6 38.Qe4 Qxb3 39.Bc1 h6 40.Kg2 Qf7 41.Ba3 Nb6 42.Qf5 Nc4 43.Bb4 Kg7
44.Bc3 Nd6 45.Qb1 Qd5 46.Qb4 Kg6 47.Qa4 Qe4 48.Qd7 h5 49.gxh5+ Kxh5 50.Qxc7 g4
51.Qxd6 gxf3+ 52.Kg1 Qg4+ 53.Kf1 Qc4+ 54.Kg1 Qxc3 55.Qd1 Qd4 56.Qxf3+ Qg4+
57.Qg2 Qxg2+ 58.Kxg2 Kg4 59.Kg1 Kf3 60.Kf1 e4 61.Ke1 e3 62.Kf1 e2+ 63.Ke1 f5  0-1

[Event "XVIII Open"]
[Site "Andorra AND"]
[Date "2000.07.01"]
[Round "8"]
[White "Tyomkin,D"]
[Black "Westerinen,H"]
[Result "0-1"]
[WhiteElo "2516"]
[BlackElo "2392"]

1.Nf3 d5 2.g3 c6 3.Bg2 Nf6 4.O-O Bf5 5.d3 e6 6.b3 Bc5 7.Bb2 h6 8.Nbd2 O-O
9.Qe1 Nbd7 10.e4 dxe4 11.dxe4 Bh7 12.e5 Nd5 13.Ne4 Bb4 14.Qe2 Qa5 15.a3 Bxe4
16.axb4 Bxf3 17.Bxf3 Qb6 18.Rfd1 Rfd8 19.b5 cxb5 20.Bxd5 exd5 21.Rxd5 Nc5
22.Rxd8+ Rxd8 23.Bc1 a6 24.Be3 Qc6 25.Re1 Ne6 26.f4 Nd4 27.Bxd4 Rxd4 28.Rd1 Qd5
29.Rxd4 Qxd4+ 30.Kg2 Qd5+ 31.Kf2 a5 32.f5 a4 33.bxa4 bxa4 34.g4 Qc5+ 35.Kg3 a3
36.e6 Qc7+ 37.Kh3 Qc3+ 38.Kg2 Qc6+ 39.Kh3 fxe6 40.fxe6 a2 41.e7 Kf7  0-1

[Event "World Open"]
[Site "Philadelphia USA"]
[Date "2000.07.03"]
[Round "7"]
[White "Zaichik,G"]
[Black "Zaremba,An"]
[Result "1/2-1/2"]
[WhiteElo "2489"]
[BlackElo "2337"]

1.Nf3 d5 2.g3 Nf6 3.Bg2 g6 4.O-O Bg7 5.d4 O-O 6.c4 dxc4 7.Na3 c5 8.Nxc4 Na6
9.dxc5 Nxc5 10.Be3 Nce4 11.Nd4 a6 12.Rc1 Nd6 13.Nxd6 Qxd6 14.Nb3 Ne8 15.Na5 Qb4
16.Nc4 Be6 17.a3 Qb5 18.a4 Qb4 19.Bd2 Qc5 20.Be3 Qb4 21.Bd2 Qc5 22.Be3 Qb4
23.Nb6 Rb8 24.b3 Nf6 25.Bc5 Qg4 26.Bxe7 Rfe8 27.Rc7 a5 28.Bf3 Qh3 29.Bg2 Qg4
30.Bf3 Qh3 31.Bg2 Qg4  1/2-1/2

[Event "1st ch-Europe"]
[Site "Saint Vincent ITA"]
[Date "2000.07.03"]
[Round "1"]
[White "Markowski,T"]
[Black "Kovarcik,T"]
[Result "1-0"]
[WhiteElo "2531"]
[BlackElo "2264"]

1.g3 d5 2.Nf3 Nf6 3.Bg2 c6 4.O-O Bg4 5.d3 e6 6.c4 dxc4 7.dxc4 Qxd1 8.Rxd1 Nbd7
9.Nc3 h6 10.h3 Bh5 11.Be3 Be7 12.Nd4 Bg6 13.Rac1 Rc8 14.Nb3 b6 15.Nd4 Nb8
16.a3 O-O 17.Bf4 c5 18.Ndb5 a6 19.Na7 Rce8 20.Na4 Nfd7 21.Nc6 e5 22.Be3 Bf5
23.Nxe7+ Rxe7 24.g4 Bg6 25.Rd6 Re6 26.Rxe6 fxe6 27.Bb7 a5 28.f3 Rf7 29.Ba8 Rf8
30.Kg2 Rc8 31.Nc3 Nc6 32.Bxc6 Rxc6 33.Rd1 Be8 34.h4 Kf7 35.h5 Ke7 36.Ne4 Nf6
37.Nxf6 Kxf6 38.Bf2 g5 39.hxg6 Bxg6 40.Bh4+ Kg7 41.Rd7+ Bf7 42.Bg3 Kf6 43.Kf2 Be8
44.Rh7 e4 45.Rxh6+ Kg7 46.g5 Bg6 47.Be5+ Kf7 48.fxe4 Bxe4 49.Rf6+ Ke7 50.Ke3 Bc2
51.g6 Rc8 52.Rf7+ Ke8 53.Rg7 Bf5 54.Kf4  1-0

[Event "It"]
[Site "Techirghiol ROM"]
[Date "2000.07.04"]
[Round "3"]
[White "Manolache,M"]
[Black "Raceanu,V"]
[Result "1-0"]
[WhiteElo "2399"]
[BlackElo "2277"]

1.Nf3 d5 2.g3 Nf6 3.Bg2 Bg4 4.d3 c5 5.O-O Nc6 6.Nbd2 e6 7.e4 Be7 8.c3 Qc7
9.Qe1 O-O 10.exd5 exd5 11.Nh4 Rfe8 12.Ndf3 Nd7 13.Bf4 Bd6 14.Bxd6 Qxd6 15.Qd2 Qf6
16.Rfe1 Kf8 17.h3 Bh5 18.Ng5 Bg6 19.Bxd5 h6 20.Nxg6+ Qxg6 21.Nxf7 Re7 22.Qf4 Rxf7
23.Bxf7 Qxf7 24.Qxf7+ Kxf7 25.f4 Nf6 26.Re3 Re8 27.Rxe8 Kxe8 28.Kf2 Kd7 29.g4 b5
30.Rg1 Nd5 31.Kf3 b4 32.g5 bxc3 33.Ke4 c2 34.Rc1 Nde7 35.Rxc2 Kd6 36.gxh6 gxh6
37.Rg2 Nd4 38.Rg7 Ndf5 39.Rh7 Ke6 40.Rh8 Nd6+ 41.Kf3 Ndf5 42.Ra8 Nc6 43.Kg4 Ne3+
44.Kh5 Ng2 45.Re8+ Ne7 46.f5+ Kf7 47.Ra8 Nf4+ 48.Kxh6 Nxh3 49.Rxa7 Kf6 50.Rxe7 Kxe7
51.Kg7 Nf4 52.f6+ Kd6 53.f7 Ne6+ 54.Kg8 Kd5 55.f8=Q Nxf8 56.Kxf8 Kd4 57.a4 Kxd3
58.a5 Kc2 59.a6 c4 60.a7 Kxb2 61.a8=Q c3 62.Qb8+ Ka1 63.Qe5 Kb2 64.Ke7 Kb3
65.Kd6  1-0

[Event "It"]
[Site "Techirghiol ROM"]
[Date "2000.07.05"]
[Round "4"]
[White "Nanu,C"]
[Black "Dulgher,A"]
[Result "0-1"]
[WhiteElo "2342"]
[BlackElo "2220"]

1.Nf3 d5 2.g3 Nf6 3.Bg2 Bf5 4.O-O e6 5.d3 h6 6.Nfd2 e5 7.e4 dxe4 8.dxe4 Bg4
9.f3 Bc5+ 10.Kh1 Be6 11.Nb3 Qxd1 12.Rxd1 Bb6 13.Nc3 c6 14.Na4 Bc7 15.Nac5 Bc8
16.a4 b6 17.Nd3 a5 18.Be3 Ba6 19.Bf1 Nbd7 20.Nd2 Nf8 21.Kg1 Ne6 22.Nf2 Bxf1
23.Kxf1 Nd7 24.Nc4 O-O-O 25.Nd3 Kb7 26.c3 Rb8 27.Ke2 Rhd8 28.Rdb1 f6 29.b4 Ka6
30.Rb2 h5 31.f4 exf4 32.gxf4 Re8 33.f5 Ng5 34.Bxg5 Rxe4+ 35.Be3 Rxc4 36.Bd4 c5
37.bxc5 Re8+ 38.Kd2 bxc5 39.Bf2 Bxh2 40.Rh1 Bf4+ 41.Kc2 Be5 42.Nxe5 Rxe5
43.Kb3 Nb6 44.Rxh5 Rxa4 45.Bg3 Re3 46.Bf2 Rb4+  0-1